000
00227nam a2200085Ia 4500
245
0
_a
The secret of Excalibur
100
_a
McDERMOTT, Andy London, 2009
_9
82285
942
_c
BK
008
210817s9999 xx 000 0 und d
999
_c
296752
_d
296751